000 01539nam a22001577a 4500
082 _a629.8
100 _aThaheem, Muhammad Arslan
_9120895
245 _aGlossing of American Sign Language (ASL) /
_cMuhammad Arslan Thaheem
264 _aIslamabad :
_bSMME- NUST;
_c2022.
300 _a49p.
_bSoft Copy
_c30cm
500 _aAmerican Sign Language (ASL) is a sign language used in America with slight modifications across different regions. Over the years it has developed and included a lot of new signs in it. In order for the deaf community to take notes and communicate with common people, ASL glossing is done which is an organized sentence structure of ASL. The goal of this research is to make a rule-based engine that can convert English sentences into ASL Gloss. The research included three phases. Firstly, we collected the English to ASL sentences from different resources including books, websites, etc. Secondly, we made rule-based engine to standardize the format of glossing. Since there are no proper set of rules written till now for ASL, we extracted common rules from sentences collected from different sources and continued our research on the basis of that. Thirdly, the engine was checked using different English sentences. We were able to achieve a BLEU score of 20.85 on the test set.
650 _aMS Robotics and Intelligent Machine Engineering
_9119486
700 _aSupervisor : Dr. Karam Dad Kallu
_9119537
856 _uhttp://10.250.8.41:8080/xmlui/handle/123456789/31807
942 _2ddc
_cTHE
999 _c607926
_d607926